| 000 | 00713nam a22002177a 4500 | ||
|---|---|---|---|
| 999 |
_c9211 _d9211 |
||
| 003 | GBCCL | ||
| 005 | 20241126110707.0 | ||
| 008 | 220603b ||||| |||| 00| 0 eng d | ||
| 020 | _a9789381209202 | ||
| 020 | _a9381209200 | ||
| 040 | _cGBC | ||
| 082 |
_a275.41 _bCHO |
||
| 100 |
_aChoudhury, Kamal Narayan _916022 |
||
| 245 |
_aChristianity in the North-East India : _bthe Baptist missioneries / _cKamal Narayan Choudhury |
||
| 260 |
_aKolkata : _bPunthi Pustak, _c2014. |
||
| 300 |
_a132 pages ; _b22 cm |
||
| 650 |
_aBaptists _v Missions _zIndia, Northeastern _xHistory. _916023 |
||
| 650 |
_zIndia, Northeastern _xChurch history. _916024 |
||
| 650 |
_aBaptists _vMissions. _910333 |
||
| 942 |
_2ddc _cBK _07 |
||